| 000 | 01305nam a2200241Ii 4500 | ||
|---|---|---|---|
| 003 | JO-AjNU | ||
| 005 | 20240630103316.0 | ||
| 008 | 230605s9999||||xx |||||||||||||| ||und|| | ||
| 040 |
_aJO-AjNU _bara _erda _cJO-AjNU |
||
| 041 | _aara | ||
| 050 | 1 | 4 | _aLC4704.2022 |
| 100 |
_aأبو حامد، هيا لافي محمد _eمعد _965929 |
||
| 245 | 0 | 0 |
_aاثر برنامج ارشادي سلوكي معرفي في زيادة وعي الاهل في الكشف المبكر عن حالات صعوبات التعلم في محافظة اربد = The Effect of a Family Cognitive Behavioral Counseling Program on Raising Parents Awareness in Early Detection of Learning Disabilities in Irbid Gover _c/ اعداد هيا لافي محمد ابو حامد ؛ اشراف فيصل عيسى نواصرة |
| 264 | 3 | 1 | _a2022 |
| 300 | _a114 ورقة | ||
| 336 |
_atext _btxt _2rdacontent |
||
| 337 |
_aunmediated _bn _2rdamedia |
||
| 338 |
_avolume _bnc _2rdacarrier |
||
| 500 | _aرسالة جامعية(اطروحة ماجستير) تخصص التربية الخاصة/كلية العلوم التربوية، جامعة عجلون الوطنية، 2022 | ||
| 650 | 4 |
_aصعوبات التعلم-الكشف المبكر _962590 |
|
| 700 |
_aالنواصرة، فيصل عيسى. _eمشرف _965078 |
||
| 942 |
_2lcc _cTHS |
||
| 999 |
_c31917 _d31917 |
||